Normal view MARC view
  • Giordano Umberto

Entry Personal Name

Number of records used in: 1

001 - CONTROL NUMBER

  • control field: 5972

003 - CONTROL NUMBER IDENTIFIER

  • control field: IT-RoPau

005 - DATE AND TIME OF LATEST TRANSACTION

  • control field: 20131218124033.0

008 - FIXED-LENGTH DATA ELEMENTS

  • fixed length control field: 131218|| aca||aabn | a|a d

040 ## - CATALOGING SOURCE

  • Original cataloging agency: IT-RoPau
  • Transcribing agency: IT-RoPau

100 ## - HEADING--PERSONAL NAME

  • Personal name: Giordano Umberto
  • Dates associated with a name: Codice autore musica SPICS: 13179
  • Relator term: Autore musica
  • Name of part/section of a work: Andrea Chenier: nemico della Patria; la mamma morta

670 ## - SOURCE DATA FOUND

  • Source citation: Work cat.: (IT-RoPau)99801: AA.VV. 794, Opera per tutti (L')-Lp Svp 5002
CREDITS: SOCIETA' SAN PAOLO Via A.Severo, 58 - ROMA (RM) & PERIODICI SAN PAOLO SRL Via Giotto, 36 MILANO & CISF Via Giotto, 36 MILANO & EDIZIONI SAN PAOLO SRL,  Piazza Soncino, 5 CINISELLO BALSAMO (MI) -- ITALY